| 000 | 00496nam a22001577a 4500 | ||
|---|---|---|---|
| 008 | 160302b xxu||||| |||| 00| 0 eng d | ||
| 020 | _a0-264-67130-9 | ||
| 050 | _aHN13.P985 | ||
| 100 |
_aPurcell, William _922694 |
||
| 245 |
_aTen social reformers _bKnow your christian _cWilliam Purcell |
||
| 260 |
_aOxford _bA.R. Mowbray & Co. Ltd _c1987 |
||
| 300 |
_aviii, 100p. ; _c18cm. |
||
| 650 |
_aSocial reformers _xBiography _922695 |
||
| 650 |
_aChristian biography _911106 |
||
| 942 |
_2lcc _cMONOGRAPH |
||
| 999 |
_c124293 _d124293 |
||